000 00589 a2200217 4500
001 48298
005 20260407155748.0
008 260407a1978 arg spa d
003 AR-UNSa-BCEJYS
040 _aAR-UNSa-BCEJYS
_bspa
_cAR-UNSa-BCEJYS
080 _a(038)33=111
_xDiccionario de economía en inglés
245 1 0 _aThe penguin dictionary of economics
250 _a2a.ed.
264 1 _aEngland :
_bPenguin Books
_c1978
041 _aspa
942 _cBK
590 _aniveau_biblio:m niveau_hierar:0
100 1 _aBannock, G.
700 1 _aBaxter, R.E.
700 1 _aRees, Ray
999 _c4571
_d4571